000 00367nam a2200133Ia 4500
005 20260328104254.0
008 260328s9999||||xx |||||||||||||| ||und||
100 _aHundertwasser, Friedensreich
245 0 _aHundertwasser :
_b Architecture (1928-2000) /
_cFriedensreich Hundertwasser
260 _bTaschen
300 _a317 p.
650 _aFOTOGRAFÍA
942 _cBK
999 _c10377
_d10377